Państwa bałkańskie - Statystyki

Ogólne statystyki
  • Ten quiz został rozwiązany 8 976 razy
  • Średni wynik to 12 z 13
Statystyki odpowiedzi
Procent Państwo % Poprawnych
54% Chorwacja
97%
65% Serbia
95%
80% Grecja
94%
>99% Bośnia i Hercegowina
93%
100% Kosowo
93%
>99% Albania
92%
>99% Czarnogóra
91%
100% Macedonia
91%
>99% Bułgaria
90%
5% Rumunia
90%
50% Słowenia
90%
3% Turcja
78%
0,1% Włochy
72%
Nie znaleziono quizów pasujących do podanych kryteriów
Rozkład punktacji
Procent ludzi z każdym wynikiem
Percentyl według liczby udzielonych odpowiedzi
Twoja historia wyników
Nie rozwiązałeś tego quizu